00841cpcaa2200241 4500001001300000003000400013005001700017008004100034010001700075040002400092072001200116100003300128245004700161300001400208506002200222545011000244546003600354580005700390656002500447656006500472656004500537999001700582mm 79000980 DLC20260227111633.0790413|||||||||||| eng  amm 79000980  aDLCcDLCedacsdDLC 7aC2lcmd1 aCushing, Thomas,d1725-1788.00aThomas Cushing correspondence,f1775-1776. a3fitems.0 aOpen to research.0 aDelegate from Massachusetts to U.S. Continental Congress, Massachusetts public official, and businessman. aCollection material in English. aForms part of: Miscellaneous Manuscripts collection. 7aBusinessmen.2itoamc 7aDelegates, U.S. Continental CongresszMassachusetts.2itoamc 7aPublic officialszMassachusetts.2itoamc c40580d40580